000 00658nam 22002053 4500
001 201973
090 _a201973
100 _a20260427d u||y0pory50 ba
200 _aEl museo de cera
_fJorge Edwards
205 _a
210 _aBruguera
_cNarradores de Hoy
_d1981
215 _a189, [1] p.
_cbrochado
_d19 cm
300 _aContém dedicatória na folha de guarda O livro tem algumas folhas soltas
305 _aEdição em Língua Espanhola
606 _91255
_aLiteratura Chilena
675 _a821.134.2(83)-3"19/20"
_vES
_zesp
700 _917204
_aEdwards
_bJorge
_f1931-2023
801 _aPT
_bBMMN
_gRPC
830 _cAna Falardo
_fAna Falardo
990 _cLIVROS